000 00703nam a2200289Ia 4500
005 20260324145321.0
008 008 260324s9999 xx 000 0 eng d
020 _a9781315092140
037 _aEBOOK
040 _aCRL
040 _beng
040 _cCRL
041 _2eng
041 _aeng
084 _qCRL
100 _aJules Ginswick
_91222543
245 0 _aLabour and the Poor in England and Wales, 1849-1851
245 0 _bLancashire, Cheshire & Yorkshire
260 _bTaylor and Francis
260 _c1983
365 _a
365 _b245
856 _uhttp://www.taylorfrancis.com/books/9781315092140
942 _cEBOOK
999 _c1830270
_d1830270